000
00189nam a2200085Ia 4500
008
180219s9999 xx 000 0 und d
100
_a
N C E R T
245
0
_a
Angreji Shikshan 1 4
260
_a
N.C.E.R.T
260
_c
2008
999
_c
42736
_d
42736